000
00316nam a2200133Ia 4500
005
20260328104330.0
008
260328s9999||||xx |||||||||||||| ||und||
100
_a
Allen, Cindy
245
0
_a
Best of Residential /
_c
Cindy Allen
260
_b
Interior Design
300
_a
298 p.
650
_a
DIBUJO
942
_c
BK
999
_c
11685
_d
11685